| 000 | 00556nam a22001937a 4500 | ||
|---|---|---|---|
| 003 | 3228 | ||
| 005 | 20250710112309.0 | ||
| 008 | 250710b sa ||||e |||| 00| 1 AFR d | ||
| 020 |
_a0798113391 _qhbk |
||
| 040 |
_aRDA _c3228 |
||
| 041 | _2A | ||
| 082 | _aAF DUTO | ||
| 100 |
_adu Toit, Tryna _9107536 |
||
| 245 |
_aDie nuwe Tryna du Toit Omnibus / _cTryna du Toit |
||
| 260 |
_aKaapstad Pretoria Johannes _bHuman & Rousseau _c1965 /1970 |
||
| 300 |
_a314 Pages; _c21 cm. |
||
| 500 | _aTitels: * Towerwater * Huuis van die Purperwinde | ||
| 942 |
_2ddc _cBK _w245 _xIzakina Blanche _y245 _zIzakina Blanche |
||
| 999 |
_c779592 _d779591 |
||